Welcome to the Holygrace Academy Library

Please use search bar below to get started

THE PARADISE (Record no. 5097)

MARC details
000 -LEADER
fixed length control field 00308nam a22001337a 4500
082 ## - DEWEY DECIMAL CLASSIFICATION NUMBER
Classification number 894.812
Item number NAN/D
100 ## - MAIN ENTRY--AUTHOR NAME
Personal name NANDAKUMAR, P.K
245 ## - TITLE STATEMENT
Title THE PARADISE
Remainder of title MALAYALTHILNINNORU LOKASAHITHYAM
260 ## - PUBLICATION, DISTRIBUTION, ETC. (IMPRINT)
Place of publication KUZHUR
Name of publisher INDRA FOUNDATION
Year of publication 2006
300 ## - PHYSICAL DESCRIPTION
Number of Pages 91
520 ## - SUMMARY, ETC.
Summary, etc NOVEL
650 ## - SUBJECT ADDED ENTRY--TOPICAL TERM
Topical Term NOVEL
942 ## - ADDED ENTRY ELEMENTS (KOHA)
Koha item type Books
Holdings
Withdrawn status Lost status Collection code Home library Current library Shelving location Date acquired Source of acquisition Cost, normal purchase price Full call number Accession Number Koha item type
    Fiction Main Library Main Library SHELF-16- J- MALAYALAM NOVELS,FICTIONS 01/06/2017 Purchase 60.00 894.812 NAN/D 04391 Books